Labor Productivity of Selected European Countries in the Period 2013 - 2022

Produktivita práce a jej vývoj od roku 2013 do prítomnosti. Sledované obdobie bolo charakterizované pokrízovou situáciou, spôsobenou hospodárskou krízou v roku 2008 a koronakrízou. Príspevok sa najprv zaoberá definíciou produktivity práce, a potom vývojom ukazovateľa výrobnej kapacity v SR a porovná...

Full description

Saved in:
Bibliographic Details
Main Author: Bednárová, Juliána, 1996-
Format: Book Chapter
Language:Slovak
Subjects:
Tags: Add Tag
No Tags, Be the first to tag this record!

MARC

LEADER 00000naa$a2200000$$$4500
001 0292022
005 20240502074500.2
041 0 |a slo 
044 |a SK 
245 1 0 |a Labor Productivity of Selected European Countries in the Period 2013 - 2022  |c Juliána Bednárová 
520 |a Produktivita práce a jej vývoj od roku 2013 do prítomnosti. Sledované obdobie bolo charakterizované pokrízovou situáciou, spôsobenou hospodárskou krízou v roku 2008 a koronakrízou. Príspevok sa najprv zaoberá definíciou produktivity práce, a potom vývojom ukazovateľa výrobnej kapacity v SR a porovnávaním s vývojom vybraných krajín v rámci Európy únie. 
610 2 0 |a produktivita práce 
610 2 0 |a zamestnanosť 
610 2 0 |a produkt národný hrubý 
610 2 0 |a rast hospodársky 
610 2 0 |a Slovensko 
610 2 0 |a Európska únia 
100 1 |a Bednárová, Juliána, 1996-